International encyclopedia of politics and laws. V1-17 (Record no. 58634)

MARC details
000 -LEADER
fixed length control field 00382nam a2200145Ia 4500
008 - FIXED-LENGTH DATA ELEMENTS--GENERAL INFORMATION
fixed length control field 230917s9999||||xx |||||||||||||| ||und||
040 ## - CATALOGING SOURCE
-- 159650
Original cataloging agency VIVEKANANDA LIBRARY
041 ## - Language
-- English
082 ## - DDC NUMBER
Classification number 320.03 S69I
100 ## - MAIN ENTRY--PERSONAL NAME
Personal name Shiv Lal, ed.
245 #0 - TITLE STATEMENT
Title International encyclopedia of politics and laws. V1-17
260 ## - PUBLICATION, DISTRIBUTION, ETC. (IMPRINT)
Place of publication, distribution, etc New Delhi
Name of publisher, distributor, etc Election Archives
Date of publication, distribution, etc n.d.
300 ## - PHYSICAL DESCRIPTION
Pages v. p.
942 ## - ADDED ENTRY ELEMENTS (KOHA)
Koha item type Books
Holdings
Withdrawn status Lost status Damaged status Not for loan Location (home branch) Sublocation or collection (holding branch) Date acquired Koha issues (times borrowed) Koha full call number Accession No. Koha date last seen Koha item type
        VIVEKANANDA LIBRARY VIVEKANANDA LIBRARY 09/08/2010 1 320.03 S69I 129213 17/03/2025 Books
        VIVEKANANDA LIBRARY VIVEKANANDA LIBRARY 09/08/2010   320.03 S69I 129214 17/09/2023 Books
        VIVEKANANDA LIBRARY VIVEKANANDA LIBRARY 09/08/2010   320.03 S69I 129215 17/09/2023 Books
        VIVEKANANDA LIBRARY VIVEKANANDA LIBRARY 09/08/2010   320.03 S69I 129216 17/09/2023 Books
        VIVEKANANDA LIBRARY VIVEKANANDA LIBRARY 09/08/2010 1 320.03 S69I 129217 27/02/2025 Books
        VIVEKANANDA LIBRARY VIVEKANANDA LIBRARY 09/08/2010 1 320.03 S69I 129218 27/02/2025 Books
        VIVEKANANDA LIBRARY VIVEKANANDA LIBRARY 09/08/2010   320.03 S69I 129219 17/09/2023 Books
        VIVEKANANDA LIBRARY VIVEKANANDA LIBRARY 09/08/2010   320.03 S69I 129220 17/09/2023 Books
        VIVEKANANDA LIBRARY VIVEKANANDA LIBRARY 09/08/2010   320.03 S69I 129221 17/09/2023 Books
        VIVEKANANDA LIBRARY VIVEKANANDA LIBRARY 09/08/2010   320.03 S69I 129222 17/09/2023 Books
        VIVEKANANDA LIBRARY VIVEKANANDA LIBRARY 09/08/2010   320.03 S69I 129223 17/09/2023 Books
        VIVEKANANDA LIBRARY VIVEKANANDA LIBRARY 09/08/2010   320.03 S69I 129224 17/09/2023 Books
        VIVEKANANDA LIBRARY VIVEKANANDA LIBRARY 09/08/2010   320.03 S69I 129225 17/09/2023 Books
        VIVEKANANDA LIBRARY VIVEKANANDA LIBRARY 09/08/2010   320.03 S69I 129226 17/09/2023 Books
        VIVEKANANDA LIBRARY VIVEKANANDA LIBRARY 09/08/2010 1 320.03 S69I 129227 17/03/2025 Books
        VIVEKANANDA LIBRARY VIVEKANANDA LIBRARY 09/08/2010   320.03 S69I 129228 17/09/2023 Books
        VIVEKANANDA LIBRARY VIVEKANANDA LIBRARY 09/08/2010   320.03 S69I 129229 17/09/2023 Books
© Designed and Maintained by Vivekananda Library, MDU Rohtak